000 00504nam a22001697a 4500
005 20251108172015.0
008 250721s9999 xx 000 0 ara d
082 1 4 _a361.8/أحم
100 1 _aخاطر، أحمد
245 1 0 _aطريقة تنظيم المجتمع /
264 1 _aالإسكندرية :
_bالمكتب الجامعي الحديث،
300 _a192ص
650 1 7 _aالخدمات الإجتماعية
650 1 7 _aتنظيم المجتمع
942 _2ddc
_cBK
999 _c68123
_d68123